Shameless - Les Gallagher - Statistiques

Statistiques générales
  • Ce quiz a été pris 117 fois
  • Le résultat moyen est 9 sur 16
Statistiques - réponses
Par images Hint Réponse % Correct
Frank Gallagher
98%
Lip Gallagher
98%
Ian Gallagher
95%
Carl Gallagher
94%
Debbie Gallagher
94%
Fiona Gallagher
94%
Liam Gallagher
87%
Monica Gallagher
83%
La fille de Debbie Franny Gallagher
55%
Le fils de la fille cachée Chucky Slott
37%
La fille cachée Sammi Slott
30%
Le fils de Lip Freddie Gallagher
20%
Le jumeau de Frank Jerry Gallagher
20%
Il essaye la maison des Gallagher Patrick Gallagher
12%
Mamie Gallagher Peggy Gallagher
7%
Le véritable père de Ian Clayton Gallagher
2%
Aucun quiz correspondant
Distribution des résultats
% des personnes avec chaque résultat
Percentile par nombre de réponses
Votre historique - résultats
Vous n’avez pas pris ce quiz